| 000 | 00594nam a22002057a 4500 | ||
|---|---|---|---|
| 005 | 20231011141120.0 | ||
| 008 | 160427b xxu||||| |||| 00| 0 spa d | ||
| 020 | _a8433014323 | ||
| 041 | _aEspañol | ||
| 082 |
_a155.23 _bP762s |
||
| 100 |
_aPolaino-Lorente, Aquilino _98866 |
||
| 245 | _a¡Síndrome de Peter Pan? : los hijos que no se marchan de casa | ||
| 260 |
_aEspaña _bDesclée de Brouwer _c2000 |
||
| 300 | _a133 páginas | ||
| 650 | _aRELACIONES EMOCIONALES | ||
| 650 | _aADOLESCENCIA | ||
| 650 | _aPSIQUIATRÍA | ||
| 650 | _aAUTOESTIMA | ||
| 942 |
_cLIT _2ddc |
||
| 999 |
_c8032 _d8032 |
||